000 00504nam a2200181Ia 4500
008 240925s9999 xx 000 0 und d
020 _a9788120342224
082 _a515.353 RAO
100 _aRao, K. Sankara
245 0 _aIntroduction to Partial Differential Equations
250 _a3rd
260 _aNew Delhi:
_bPHI learning Pvt Ltd
_c,2011.
300 _aVarious pages
_b0
_fOriginal
500 _aIncludes Index
600 _aHumanities & Natural Science
650 _aMathematics
942 _cBK
999 _c17382
_d17382